No vull ser princesa, vull ser periodista! : concurs literari Sant Jordi 2021 concurs literari Sant Jordi 2021
Descripción Física:
60 pàgines ; 21 cm
Idioma:
Catalán
MARC
| LEADER | 00000nam a22000007a 4500 | ||
|---|---|---|---|
| 001 | 25416 | ||
| 008 | 220509b spa||||| |||| 00| 0 cat d | ||
| 080 | |a Bib-530 | ||
| 245 | |a No vull ser princesa, vull ser periodista! : |b concurs literari Sant Jordi 2021 | ||
| 260 | |a Barcelona : |b Diputació de Barcelona, |c abril de 2021 | ||
| 300 | |a 60 pàgines ; |c 21 cm | ||
| 650 | 0 | |9 52858 |a Prosa catalana |y S. XXI | |
| 650 | 0 | |9 37592 |a Contes catalans | |
| 710 | 1 | |a Barcelona (Catalunya : Província). |b Diputació |9 52408 | |
| 942 | |2 udc |c ARXIU |n 1 | ||
| 952 | |0 0 |1 0 |4 0 |6 BIB530 |7 1 |9 61555 |a Arxiu |b Arxiu |d 2022-05-09 |l 0 |o Bib-530 |p 25416 |r 2022-05-09 00:00:00 |w 2022-05-09 |y ARXIU | ||
| 999 | |c 81503 |d 81503 | ||